<?xml version="1.0" encoding="UTF-8"?>
<record
    xmlns:xsi="http://www.w3.org/2001/XMLSchema-instance"
    xsi:schemaLocation="http://www.loc.gov/MARC21/slim http://www.loc.gov/standards/marcxml/schema/MARC21slim.xsd"
    xmlns="http://www.loc.gov/MARC21/slim">

  <leader>01816naa a22002537a 4500</leader>
  <controlfield tag="003">BPK</controlfield>
  <controlfield tag="005">20190610114327.0</controlfield>
  <controlfield tag="008">141015b1995    pl a|||| |||| 10| 0 pol  </controlfield>
  <datafield tag="040" ind1=" " ind2=" ">
    <subfield code="c">BPP</subfield>
  </datafield>
  <datafield tag="041" ind1=" " ind2=" ">
    <subfield code="a">pol</subfield>
    <subfield code="b">eng</subfield>
  </datafield>
  <datafield tag="044" ind1=" " ind2=" ">
    <subfield code="a">POL</subfield>
  </datafield>
  <datafield tag="080" ind1=" " ind2=" ">
    <subfield code="a">621.791/.795</subfield>
  </datafield>
  <datafield tag="100" ind1=" " ind2=" ">
    <subfield code="a">KUKIE&#x141;KA, Leon.</subfield>
    <subfield code="d">1974 - 1996.</subfield>
    <subfield code="b">Wy&#x17C;sza Szko&#x142;a In&#x17C;ynierska w Koszalinie - Wydzia&#x142; Mechaniczny,</subfield>
    <subfield code="c">Katedra Maszyn Roboczych</subfield>
  </datafield>
  <datafield tag="245" ind1=" " ind2=" ">
    <subfield code="a">Komputerowa symulacja rozk&#x142;adu temperatury w obiekcie podczas nagniatania tocznego z elektrokontaktowym nagrzewaniem = </subfield>
    <subfield code="b">Using computer for simulation of temperature field in the object during the burnishing rolling process with electric current /</subfield>
    <subfield code="c">Leon Kukie&#x142;ka.</subfield>
  </datafield>
  <datafield tag="260" ind1=" " ind2=" ">
    <subfield code="c">1995.</subfield>
  </datafield>
  <datafield tag="500" ind1=" " ind2=" ">
    <subfield code="a">Dane z autopsji.</subfield>
  </datafield>
  <datafield tag="520" ind1=" " ind2=" ">
    <subfield code="a">W pracy opisano cieplny proces nagniatania tocznego z elektrokontaktowym nagrzewaniem. Przedstawiono model matematyczny przep&#x142;ywu ciep&#x142;a w obiekcie podczas obr&#xF3;bki. Om&#xF3;wiono spos&#xF3;b przybli&#x17C;onego rozwi&#x105;zania zadania okre&#x15B;lania rozk&#x142;adu p&#xF3;l temperatur. Podano wariacyjne sformu&#x142;owanie r&#xF3;wnania przep&#x142;ywu ciep&#x142;a oraz algorytm jego rozwi&#x105;zania i przyk&#x142;adowe wyniki oblicze&#x144; numerycznych.</subfield>
  </datafield>
  <datafield tag="650" ind1=" " ind2="0">
    <subfield code="a">Nagniatanie.</subfield>
  </datafield>
  <datafield tag="655" ind1=" " ind2="0">
    <subfield code="a">Materia&#x142;y konferencyjne.</subfield>
  </datafield>
  <datafield tag="650" ind1=" " ind2="0">
    <subfield code="a">In&#x17C;ynieria powierzchni</subfield>
  </datafield>
  <datafield tag="773" ind1=" " ind2=" ">
    <subfield code="i">W :</subfield>
    <subfield code="t">TPP'95. Projektowanie proces&#xF3;w technologicznych = Technological process planning : Konferencja Naukowo-Techniczna zorganizaoana z okazji 75 lecia Wydzia&#x142;u Budowy Maszyn Politechniki Pozna&#x144;skiej oraz Polskiego Wy&#x17C;szego Szkolnictwa Technicznego w Poznaniu : zbi&#xF3;r prac. - : </subfield>
    <subfield code="d">Pozna&#x144; : Wydaw. Politechniki Pozna&#x144;skiej, 1995. -</subfield>
    <subfield code="g">s. 89-94</subfield>
  </datafield>
  <datafield tag="711" ind1=" " ind2=" ">
    <subfield code="a">Konferencja Naukowo-Techniczna "Projektowanie proces&#xF3;w technologicznych" TPP'95</subfield>
    <subfield code="n">(4 ;</subfield>
    <subfield code="d">1995 ;</subfield>
    <subfield code="c">Pozna&#x144; / Czerniejewo, Polska).</subfield>
    <subfield code="p">TPP'95</subfield>
  </datafield>
  <datafield tag="942" ind1=" " ind2=" ">
    <subfield code="c">ART</subfield>
    <subfield code="2">UKD</subfield>
  </datafield>
  <datafield tag="999" ind1=" " ind2=" ">
    <subfield code="c">7175</subfield>
    <subfield code="d">7175</subfield>
  </datafield>
  <datafield tag="952" ind1=" " ind2=" ">
    <subfield code="0">0</subfield>
    <subfield code="1">0</subfield>
    <subfield code="4">0</subfield>
    <subfield code="7">0</subfield>
    <subfield code="a">BPK</subfield>
    <subfield code="b">BPK</subfield>
    <subfield code="o">104284</subfield>
    <subfield code="y">ART</subfield>
  </datafield>
</record>
